000 00297nam a2200109Ia 4500
008 180323s9999 xx 000 0 und d
020 _a631158332
100 _aFrith, Uta
245 _aAutism :
_bExplaining the enigma
260 _aGreat Britain
_b1989
_cBilling & Sons ltd
300 _aix, 200 pages
999 _c356359
_d356359